Top 10 Città più popolose Provincia di Udine - Statistics

Statistiche generali
  • Questo quiz è stato fatto 28 volte
  • Il punteggio medio è 6 su 10
Statistiche sulle risposte
Popolazione (ab.) Città % Corretto
98 287 Udine
92%
10 570 Tolmezzo
81%
15 806 Codroipo
69%
11 378 Cividale del Friuli
65%
13 409 Cervignano del Friuli
58%
11 141 Gemona del Friuli
58%
13 647 Latisana
46%
9 095 Tarcento
42%
14 262 Tavagnacco
42%
9 375 Pasian di Prato
23%
Nessun quiz corrispondente trovato
Distribuzione punteggi
Percentuale di utenti per punteggio
Percentile per numero di risposta
I tuoi punteggi nel tempo
Non hai fatto questo quiz